000 00859nam a2200229 i 4500
001 129276
003 ES-MaACL
005 20250728100151.0
007 t|
008 070611q1946 sp ||||1| spa d
080 _a811.134.2'276.6:62
100 1 _aTerradas, Esteban.
_9109767
245 1 0 _aNeologismos, arcaísmos y sinónimos en plática de ingenieros /
_c[disertación leída por E. Terradas y seguida del discurso leído por G. Marañón en sesión pública de 13 de octubre de 1946].
260 _aMadrid :
_b[s.n.,
_c1946] (
_fS. Aguirre, imp.)
300 _a298 p. ;
_c25 cm.
594 _aPrecede al tít.: Real Academia Española
650 7 _aLengua española técnica
_2embne
_914199
700 1 _aMarañón, Gregorio,
_d1887-1960
_976311
710 2 _aReal Academia Española
_96336
852 4 _aES-MaACL
_jC-3884
999 _c129276
_d129276